000 00331nam a2200133Ia 4500
008 240624s9999 xx 000 0 und d
041 _aeng
082 _a382 SEK
100 _aSEKHAR Y CHANDRA
245 _aWTO CANCUN AND BEYOND
260 _c2005
_aHyderabad
_bICFAI University
300 _ax, : 227 : p. : cm. ; 23
365 _cRS
999 _c2930
_d2930